| 000 | 00520cam a22002051 4500 | ||
|---|---|---|---|
| 001 | ne 64003247 | ||
| 003 | DLC | ||
| 005 | 20260227111808.0 | ||
| 008 | 890904s1960 xx 000 0 ara | ||
| 010 | _ane 64003247 | ||
| 035 | _a(OCoLC)23515823 | ||
| 040 |
_aDLC _cMiU _dDLC |
||
| 042 | _apremarc | ||
| 050 | 0 | 0 |
_aDS79.53 _b.B38 |
| 100 | 1 | _aBazzāz, ʻAbd al-Raḥmān. | |
| 245 | 1 | 0 | _aṢafaḅāt min al-ams al-qarib. |
| 260 | _c[1960] | ||
| 300 |
_a192 p. _c21 cm. |
||
| 651 | 0 |
_aIraq _xHistory _yRevolution, 1958 |
|
| 999 |
_c47674 _d47674 |
||